Bovinos de carne

Guardado en:
Formato: Libro
Publicado: México : Trillas, 1983
Materias:
Etiquetas: Agregar Etiqueta
Sin Etiquetas, Sea el primero en etiquetar este registro!
LEADER 00681nam a22002175a 4500
001 CEM.cems015642
005 20090831161950.0
008 130507s1983##################000#0#####d
003 CEMS
020 |a 9682411211 
082 0 4 |a 636.21 
245 0 0 |a Bovinos de carne 
260 |a México :  |b Trillas,  |c 1983 
300 |a 101 p. 
505 0 |a El animal -- Razas de carne -- Alojamientos -- Equipo -- Alimentación -- Manejo de bovinos de carne -- Enfermedades 
653 |a Bovinos-enfermedades 
653 |a Bovinos-alojamiento 
653 |a Bovinos-razas de carne 
653 |a Bovinos 
653 |a Bovinos de carne 
859 |a CEMS  |b BIB. CEMS - Agricultura  |h 636.21  |i B669-1  |p A16014.90  |t Ej.1